|
|
|
|
| LEADER |
00000nab a2200000 a 4500 |
| 001 |
vtls000280971 |
| 003 |
SK-MaSNL |
| 005 |
20260304054419.0 |
| 008 |
250422c1987 xo 0 slo |
| 015 |
|
|
|a SNBRB19rr/mm-uuuuu
|
| 035 |
|
|
|a CL0291089
|
| 035 |
|
|
|a urn:nbn:sk:snk-abd0tr
|
| 035 |
|
|
|a (urnnbn)urn:nbn:sk:snk:ar-a09pti
|
| 035 |
|
|
|a (uuid)1fb3b467-c48e-4589-8b0c-8bcbaafbe43d
|
| 040 |
|
|
|a SNKBUCL
|b slo
|c SNKBUCL
|e AACR2
|
| 041 |
0 |
|
|a slo
|
| 044 |
|
|
|a xo
|c SK
|
| 080 |
|
|
|a 636.5.001.5:061.3
|2 1981
|
| 080 |
|
|
|a 061.3
|2 1981
|
| 100 |
1 |
|
|a Peter, Vladimír,
|d 1923-1987
|4 aut
|9 196363
|
| 245 |
1 |
0 |
|a Nové smery intenzifikácie európskeho hydinárstva a ich uplatnenie v ČSSR
|c Vladimír Peter
|
| 650 |
0 |
7 |
|a hydinárstvo
|2 snkbucl
|9 81673
|
| 655 |
|
7 |
|a články z novín a časopisov
|2 snkbucl
|9 267496
|
| 773 |
0 |
|
|t Hydina
|g Roč. 1, č. 1-2 (1987), s. 4-8
|
| 850 |
|
|
|a Slovenská národná knižnica
|
| 852 |
|
|
|a Slovenská národná knižnica
|
| 954 |
|
|
|a odborná, vedecká literatúra pôvodná (slovenská)
|2 lita
|
| 958 |
|
|
|a article17
|
| 958 |
|
|
|a RK
|
| 958 |
|
|
|a OND
|
| 958 |
|
|
|a EUIPO
|
| 992 |
|
|
|a RBX
|
| 999 |
|
|
|c 2718708
|d 2720638
|